000 00600cam a2200205 a 4500
001 516299
005 20180126092727.0
008 860602s1986 caua 001 0 eng
010 _a 86013208
020 _a031035191X (Zondervan Pub. House : pbk.) :
_c$6.95
040 _aDLC
_cDLC
_dDLC
041 _aeng
080 _a790.15
082 0 0 _a790.15 RIC
_219
100 1 _a46
101 _aEDU
245 1 0 _aPlay it! :
_cWayne Rice and Mike Yaconelli ; illustrations by Dan Pegoda.
906 _a7
_bcbc
_corignew
_d1
_eocip
_f19
_gy-gencatlg
942 _2ddc
_cBK
999 _c41051
_d41051